Normal view
MARC view
- STALLMAN, R. W,WATTERS, R. E
Entry Personal Name
001 - CONTROL NUMBER
- control field: 57918
003 - CONTROL NUMBER IDENTIFIER
- control field: NUST
005 - DATE AND TIME OF LATEST TRANSACTION
- control field: 20210628202022.0
008 - FIXED-LENGTH DATA ELEMENTS
- fixed length control field: 210628|| aca||aabn | a|a d
040 ## - CATALOGING SOURCE
- Original cataloging agency: NUST
- Transcribing agency: NUST
100 ## - HEADING--PERSONAL NAME
- Personal name: STALLMAN, R. W,WATTERS, R. E
670 ## - SOURCE DATA FOUND
- Source citation: Work cat.: (NUST): STALLMAN, R. W,WATTERS, R. E, THE CREATIVE READER AN ANTHOLOGY OF FICTION DRAMA AND POETRY, 1954
